000
00257nam a22001097a 4500
008
170126b xxu||||| |||| 00| 0 eng d
020
_a
9780073138886
041
_a
eng
080
_2
10TH
_a
61
245
_a
CORE CONCEPTS IN HEALTH
_c
INSEL. P.M
942
_2
udc
_c
BK
999
_c
3718
_d
3718